| 000 | 00504nam a2200193Ia 4500 | ||
|---|---|---|---|
| 003 | GCL | ||
| 008 | 140319s9999 xx 000 0 eng d | ||
| 040 |
_aGCL / _cGCL |
||
| 082 | 0 | 4 |
_a320.941 _bC C |
| 100 | 1 | _aCOXALL, BILL | |
| 245 | 1 | 0 |
_aCONTEMPORARY BRITISH POLITICS / _cCOXALL, BILL |
| 700 | 1 | _aROBINS, LYNTON | |
| 260 |
_a[S.N] : _bTHE MACMILLAN PRESS LTD. ، _c1994 |
||
| 300 | _a509 P | ||
| 650 | 0 | 4 | _aPOLITICAL PROCESS |
| 650 | 0 | 4 | _aPOLITICAL IDEOLOGY |
| 650 | 0 | 4 | _aBRITISH |
| 942 |
_2ddc _cBK |
||
| 999 |
_c13352 _d13352 |
||